| 000 | 00492nam a22001937a 4500 | ||
|---|---|---|---|
| 005 | 20170613153011.0 | ||
| 008 | 170613b xxu||||| |||| 00| 0 eng d | ||
| 020 | _c₹ 15.00 | ||
| 040 | _aLoreto College | ||
| 041 | _aEnglish | ||
| 082 |
_a440 _bLEV |
||
| 100 | _aLevieux, Michel | ||
| 245 |
_aBeyond the dictionary in French _cMichel Levieux |
||
| 260 |
_aLondon _bThe Camelot Press _c1967 |
||
| 300 |
_a156p. _b20 cm. |
||
| 650 | _aFrench Dictionary | ||
| 850 | _aLCLIB | ||
| 942 | _cBK | ||
| 999 |
_c41071 _d91550 |
||